Women in panchayati raj (Record no. 78258)

000 -LEADER
fixed length control field 01339pab a2200169 454500
008 - FIXED-LENGTH DATA ELEMENTS--GENERAL INFORMATION
fixed length control field 180718b2008 xxu||||| |||| 00| 0 eng d
100 ## - MAIN ENTRY--PERSONAL NAME
Personal name Tiwari, Nupur
245 ## - TITLE STATEMENT
Title Women in panchayati raj
260 ## - PUBLICATION, DISTRIBUTION, ETC.
Date of publication, distribution, etc. 2008
300 ## - PHYSICAL DESCRIPTION
Extent p.34-47.
362 ## - DATES OF PUBLICATION AND/OR SEQUENTIAL DESIGNATION
Dates of publication and/or sequential designation Jan-Mar
520 ## - SUMMARY, ETC.
Summary, etc. The traditional institutions of local governance have not given space for women. Many of the factors that hindered women in the earlier system continue to exist and operate in rural areas. In fact gender as a phenomenon hardly ever appears in a pure form. It is almost always alloyed with caste, class and religious factors. Through the implementation of reservation in panchayats women have got an opportunity to raise their concerns and opinion in Gram Sabha. Their experiences in the PRIs have also been varied and at times starting. Nevertheless, women in PRIs still lack the capacity and capability to raise voice against the various issues. The opportunities relating to raising issues and participating in decision-making process need to be strengthened by adequate training and capacity building. This may help these women representatives tide over the social and economic disadvantage and face male domination and bureaucratic apathy. - Reproduced.
650 ## - SUBJECT ADDED ENTRY--TOPICAL TERM
Topical term or geographic name entry element Women
773 ## - HOST ITEM ENTRY
Main entry heading Indian Journal of Public Administration
908 ## - PUT COMMAND PARAMETER (RLIN)
Put command parameter N
909 ## -
-- 78258
Holdings
Withdrawn status Lost status Damaged status Not for loan Permanent Location Current Location Date acquired Serial Enumeration / chronology Barcode Date last seen Price effective from Koha item type
        Indian Institute of Public Administration Indian Institute of Public Administration 2018-07-19 Volume no: 54, Issue no: 1 AR78718 2018-07-19 2018-07-19 Articles

Powered by Koha